000 00492nam a2200181Ia 4500
008 240925s9999 xx 000 0 und d
020 _a133344835
082 _a621.317 RAS
100 _aRashid, Muhammad H.
245 0 _aPower Electronics: circuits, devices and applications
250 _a2nd
260 _aLondon:
_bPrentice, Hall
_c,1993.
300 _axviii,827p.
_bNA
_fPirated
500 _aIncludes Index
600 _aElectronic Engineering
650 _aTechnology
942 _cBK
999 _c3447
_d3447